| 000 -LEADER | |
|---|---|
| fixed length control field | 00418nam a22001697a 4500 |
| 005 - DATE AND TIME OF LATEST TRANSACTION | |
| control field | 20180321114913.0 |
| 008 - FIXED-LENGTH DATA ELEMENTS--GENERAL INFORMATION | |
| fixed length control field | 160618b xxu||||| |||| 00| 0 eng d |
| 020 ## - INTERNATIONAL STANDARD BOOK NUMBER | |
| ISBN | 81-7758-386-7 |
| 041 ## - LANGUAGE CODE | |
| Language code of text/sound track or separate title | eng |
| 082 ## - DEWEY DECIMAL CLASSIFICATION NUMBER | |
| Item number | 8321 |
| Classification number | 338.5024658 |
| 100 ## - MAIN ENTRY--AUTHOR NAME | |
| Personal name | Peterson, Lewis Jain |
| 245 ## - TITLE STATEMENT | |
| Title | Managerial Economics |
| 260 ## - PUBLICATION, DISTRIBUTION, ETC. (IMPRINT) | |
| Place of publication | Delhi |
| Name of publisher | Pearson Education |
| Year of publication | 2008 |
| 300 ## - PHYSICAL DESCRIPTION | |
| Number of Pages | 609 |
| 650 ## - SUBJECT ADDED ENTRY--TOPICAL TERM | |
| Topical Term | Management |
| 942 ## - ADDED ENTRY ELEMENTS (KOHA) | |
| Koha item type | Books |
| Lost status | Damaged status | Home library | Current library | Shelving location | Date acquired | Full call number | Accession Number | Koha item type | Collection code |
|---|---|---|---|---|---|---|---|---|---|
| JRU Library | SHELF-28-B | 18/06/2016 | 338.502 465 8 | 8321 | Books | ||||
| JRU Library | JRU Library | SHELF-60-C | 18/06/2016 | 338.502 465 8 | 8322 | Books | MANAGEMENT | ||
| JRU Library | JRU Library | SHELF-60-C | 18/06/2016 | 338.502 465 8 | 8323 | Books | MANAGEMENT |